| 000 | 00863nas a2200265 4500 | ||
|---|---|---|---|
| 001 | BR9704566 | ||
| 003 | BR-BrBNA | ||
| 005 | 20231205100536.0 | ||
| 007 | ta | ||
| 008 | 230509b bl.|||p| |||| 00| 00por d | ||
| 040 |
_aBR-BrBNA _bpor _cBiblioteca Nacional de Agricultura |
||
| 041 | _a(Pt) | ||
| 072 | _aE70 | ||
| 100 | 1 | _aBraga, A.R. da S. | |
| 100 | 1 | _aSpera, S.T. | |
| 100 | 1 | _aCorreia, J.R. | |
| 245 | 1 | _aPotencialidade agricola na regiao de influencia do corredor de transporte multimodal centro-norte | |
| 650 | _aEstrada de Rodagem | ||
| 650 | _aHidrovia | ||
| 650 | _aTransporte Ferroviario | ||
| 773 | 0 |
_tRevista de Política Agrícola (Brazil) _x _g(Jan-Mar 1997), v. 6(1) p. 11-16 _wBR9704566 |
|
| 856 | 4 |
_uRev_Pol_Agr_v6_n1-1997.pdf#page=12 _yRecurso eletrônico (PDF) |
|
| 909 |
_a202311 _bLúcia _c55 _dLúcia Elande |
||
| 942 |
_2AGRIS _n0 _cANA |
||
| 999 |
_c156579 _d156579 |
||